| 000 | 00574nam a2200169Ia 4500 | ||
|---|---|---|---|
| 001 | 6524 | ||
| 008 | 260427s9999 xx 000 0 und d | ||
| 020 | _a9780873362078 | ||
| 245 | 0 |
_aKa Pana Pa Hale = Backyard Jam: A bilingual Hawaiian story/ _cby Ka'ohua Lucas (Author), Boots Lupenui (Illustrator) |
|
| 260 |
_aHonolulu; _bKamehameha Publishing; _c2008 |
||
| 300 |
_a28p; _c18x13cm |
||
| 490 |
_aKamaiki Series; _vBook 1 |
||
| 650 |
_aIndigenous societies _99260 |
||
| 650 |
_aPZ(1)-90 Fiction and juvenile belles lettres _99350 |
||
| 651 |
_aHawaii _92928 |
||
| 942 | _cBK | ||
| 999 |
_c6524 _d6524 |
||